000 00587nam a2200169Ia 4500
003 IN-BaIIA
008 211028s9999 xx s 000 0 eng d
020 _a9780819425379 (Print)
040 _cIIA Library
100 _aHoover, Richard, ed.
_941835
245 0 _aHard X-Ray and Gamma-Ray Detector Physics, Optics, and Applications
_h[eBook]
260 _aWashington, USA
_bSPIE
_c1997
300 _aOnline resource
490 _aProceedings of SPIE; V. 3115
856 _uhttps://www.spiedigitallibrary.org/conference-proceedings-of-spie/3115
_yClick Here to Access eBook
942 _cEB
999 _c25748
_d25748